000 08495cam a22021134i 4500
003 PE-LiUPU
005 20250813165626.0
008 150625s2004 pe a rb 000 0 spa d
020 _a9972939022
035 _a(Sirsi) a35902
040 _aPE-LiUPU
_bspa
_cPE-LiUPU
_erda
082 0 4 _a621.55
_bT17
_221
082 0 4 _a621.55
_bT17 2004
_221
100 1 _aTalledo Coronado, Arturo Fernando,
_eautor.
245 1 0 _aTecnología de alto vacío :
_bherramienta básica para el desarrollo industrial /
_cArturo Fernando Talledo Coronado.
264 1 _aLima :
_bAsamblea Nacional de Rectores,
_c2004.
300 _a198 páginas :
_bilustraciones ;
_c24 centímetros.
336 _atext
_2rdacontent
337 _aunmediated
_2rdamedia
338 _avolume
_2rdacarrier
505 0 _aAlto vacío -- Técnicas de producción -- Técnicas de caracterización -- Recubrimientos duros -- Recubrimientos anticorrosivos -- Microbaterías de litio -- Filtros ópticos Fabry Prot.
526 _aP203
526 _aP200
526 _aSEG65
526 _aSEG64
526 _aSEG63
526 _aSEG62
526 _aSEG61
526 _aSEG60
526 _aSEG59
526 _aSEG58
526 _aSEG57
526 _aSEG56
526 _aSEG55
526 _aSEG54
526 _aSEG53
526 _aSEG52
526 _aSEG51
526 _aSEG50
526 _aSEG49
526 _aSEG48
526 _aSEG47
526 _aSEG46
526 _aSEG24
526 _aSEG23
526 _aSEG22
526 _aSEG21
526 _aSEG20
526 _aSEG19
526 _aSEG18
526 _aSEG17
526 _aSEG16
526 _aSEG14
526 _aSEG13
526 _aSEG12
526 _aSEG11
526 _aSEG10
526 _aSEG09
526 _aSEG06
526 _aSEG05
526 _aSEG04
526 _aSEG03
526 _aSEG02
526 _aSEG68
526 _aSEG66
526 _aSEG45
526 _aSEG25
526 _aSEG01
526 _aP163
526 _aP162
526 _aP161
526 _aP160
526 _aP159
526 _aP158
526 _aP157
526 _aP156
526 _aP155
526 _aP154
526 _aP153
526 _aP152
526 _aP151
526 _aP150
526 _aP149
526 _aP142
526 _aP141
526 _aP140
526 _aP139
526 _aP138
526 _aP137
526 _aP132
526 _aP131
526 _aP130
526 _aP126
526 _aP125
526 _aP124
526 _aP123
526 _aP115
526 _aP122
526 _aP121
526 _aP116
526 _a P114
526 _aP112
526 _aP111
526 _aP104
526 _aP103
526 _aP102
526 _aP101
526 _aP100
526 _aP96
526 _aP95
526 _aP93
526 _aP92
526 _aP91
526 _aP88
526 _aP83
526 _aP82
526 _aP79
526 _aP78
526 _aP75
526 _aP74
526 _aP71
526 _aP69
526 _a P51
526 _aP49
526 _aP48
526 _aP47
526 _aP33
526 _aP31
526 _a P30
526 _aP29
526 _aP27
526 _aP26
526 _aP25
526 _aP24
526 _a P22
526 _aP10
526 _aP09
526 _a P08
526 _aP06
526 _aP05
526 _aP04
526 _aP01
541 _Civil;
650 0 4 _aTecnología del vacío.
910 _bjv
_cng
_d20050315
942 _2ddc
_cBOOK
949 _a621.55 T17
_wDEWEY
_c1
_i57005
_lCCODEBUL1
_mBUL
_p13.00
_r0
_sY
_tBOOK
_u2015-06-25
_xBIBLIOTECA
_zUNKNOWN
_0COMPRA
_o.STAFF. Colección General
949 _a621.55 T17
_wDEWEY
_c2
_i53820
_lCCODEBUL1
_mBUL
_p10
_r0
_sY
_tBOOK
_u2015-06-25
_xBIBLIOTECA
_zUNKNOWN
_0COMPRA
_o.STAFF. Colección General
949 _a621.55 T17
_wDEWEY
_c3
_i56892
_lCCODEBUL1
_mBUL
_p13.00
_r0
_sY
_tBOOK
_u2015-06-25
_xBIBLIOTECA
_zUNKNOWN
_0COMPRA
_o.STAFF. Colección General
949 _a621.55 T17 2004
_wDEWEY
_c1
_iFJ09936
_lCCODEBUJ1
_mBUJ
_p13.00
_r0
_sY
_tBOOK
_u2015-06-25
_xINGENIERIA
_PP25
_0COMPRA
_o.STAFF. Colección General Juliaca
949 _a621.55 T17 2004
_wDEWEY
_c2
_iFJ09937
_lCCODEBUJ1
_mBUJ
_p13.00
_r0
_sY
_tBOOK
_u2015-06-25
_xINGENIERIA
_PP25
_0COMPRA
_o.STAFF. Colección General Juliaca
949 _a621.55 T17 2004
_wDEWEY
_c3
_iFJ09938
_lCCODEBUJ1
_mBUJ
_p13.00
_r0
_sY
_tBOOK
_u2015-06-25
_xINGENIERIA
_PP25
_0COMPRA
_o.STAFF. Colección General Juliaca
949 _a621.55 T17 2004
_wDEWEY
_c4
_iFJ09939
_lCCODEBUJ1
_mBUJ
_p13.00
_r0
_sY
_tBOOK
_u2015-06-25
_xINGENIERIA
_PP25
_0COMPRA
_o.STAFF. Colección General Juliaca
949 _a621.55 T17 2004
_wDEWEY
_c5
_iFJ09940
_lCCODEBUJ1
_mBUJ
_p13.00
_r0
_sY
_tBOOK
_u2015-06-25
_xINGENIERIA
_PP25
_0COMPRA
_o.STAFF. Colección General Juliaca
949 _a621.55 T17 2004
_wDEWEY
_c6
_iFJ09941
_lCCODEBUJ1
_mBUJ
_p13.00
_r0
_sY
_tBOOK
_u2015-06-25
_xINGENIERIA
_PP25
_0COMPRA
_o.STAFF. Colección General Juliaca
949 _a621.55 T17 2004
_wDEWEY
_c7
_iFJ09942
_lCCODEBUJ1
_mBUJ
_p13.00
_r0
_sY
_tBOOK
_u2015-06-25
_xINGENIERIA
_PP25
_0COMPRA
_o.STAFF. Colección General Juliaca
949 _a621.55 T17 2004
_wDEWEY
_c8
_iFJ09943
_lCCODEBUJ1
_mBUJ
_p13.00
_r0
_sY
_tBOOK
_u2015-06-25
_xINGENIERIA
_PP25
_0COMPRA
_o.STAFF. Colección General Juliaca
949 _a621.55 T17 2004
_wDEWEY
_c9
_iFJ09944
_lCCODEBUJ1
_mBUJ
_p13.00
_r0
_sY
_tBOOK
_u2015-06-25
_xINGENIERIA
_PP25
_0COMPRA
_o.STAFF. Colección General Juliaca
596 _a1 2 3
999 _a621.55 T17
_wDEWEY
_c43917
_i57005
_d43917
_f2021-11-9
_g7
_lCCODEBUL1
_mBUL
_p13.00
_q1
_r0
_sY
_tBOOK
_u2015-6-25
_xINGENIERIA
_zUNKNOWN
_0COMPRA
_o.STAFF. Colección General
999 _a621.55 T17
_wDEWEY
_c2
_i53820
_lDISCARD
_mBUL
_r0
_sY
_tBOOK
_u2015-6-25
_xINGENIERIA
_zUNKNOWN
_0COMPRA
_o.STAFF. Colección General
999 _a621.55 T17
_wDEWEY
_c3
_i56892
_lDISCARD
_mBUL
_p13.00
_r0
_sY
_tBOOK
_u2015-6-25
_xINGENIERIA
_zUNKNOWN
_0COMPRA
_o.STAFF. Colección General
999 _a621.55 T17 2004
_wDEWEY
_c1
_iFJ09936
_f2022-1-26
_g4
_lCCODEBUJ1
_mBUJ
_p13.00
_r0
_sY
_tBOOK
_u2015-12-17
_xINGENIERIA
_PP25
_0COMPRA
_o.STAFF. Colección General Juliaca
999 _a621.55 T17 2004
_wDEWEY
_c2
_iFJ09937
_f2022-1-26
_g4
_lCCODEBUJ1
_mBUJ
_p13.00
_r0
_sY
_tBOOK
_u2015-12-17
_xINGENIERIA
_PP25
_0COMPRA
_o.STAFF. Colección General Juliaca
999 _a621.55 T17 2004
_wDEWEY
_c3
_iFJ09938
_f2022-1-26
_g4
_lCCODEBUJ1
_mBUJ
_p13.00
_r0
_sY
_tBOOK
_u2015-12-17
_xINGENIERIA
_PP25
_0COMPRA
_o.STAFF. Colección General Juliaca
999 _a621.55 T17 2004
_wDEWEY
_c4
_iFJ09939
_f2022-1-26
_g4
_lCCODEBUJ1
_mBUJ
_p13.00
_r0
_sY
_tBOOK
_u2015-12-17
_xINGENIERIA
_PP25
_0COMPRA
_o.STAFF. Colección General Juliaca
999 _a621.55 T17 2004
_wDEWEY
_c5
_iFJ09940
_f2022-1-26
_g4
_lCCODEBUJ1
_mBUJ
_p13.00
_r0
_sY
_tBOOK
_u2015-12-17
_xINGENIERIA
_PP25
_0COMPRA
_o.STAFF. Colección General Juliaca
999 _a621.55 T17 2004
_wDEWEY
_c6
_iFJ09941
_f2022-1-26
_g4
_lCCODEBUJ1
_mBUJ
_p13.00
_r0
_sY
_tBOOK
_u2015-12-17
_xINGENIERIA
_PP25
_0COMPRA
_o.STAFF. Colección General Juliaca
999 _a621.55 T17 2004
_wDEWEY
_c7
_iFJ09942
_f2022-1-26
_g4
_lCCODEBUJ1
_mBUJ
_p13.00
_r0
_sY
_tBOOK
_u2015-12-17
_xINGENIERIA
_PP25
_0COMPRA
_o.STAFF. Colección General Juliaca
999 _a621.55 T17 2004
_wDEWEY
_c8
_iFJ09943
_f2022-1-26
_g4
_lCCODEBUJ1
_mBUJ
_p13.00
_r0
_sY
_tBOOK
_u2015-12-17
_xINGENIERIA
_PP25
_0COMPRA
_o.STAFF. Colección General Juliaca
999 _a621.55 T17 2004
_wDEWEY
_c9
_iFJ09944
_f2022-1-26
_g4
_lCCODEBUJ1
_mBUJ
_p13.00
_r0
_sY
_tBOOK
_u2015-12-17
_xINGENIERIA
_PP25
_0COMPRA
_o.STAFF. Colección General Juliaca
999 _a621.55 T17
_wDEWEY
_c1
_iFT00561
_f2019-2-20
_g1
_lCCODEBUT1
_mBUT
_p15.00
_r0
_sY
_tBOOK
_u2016-2-23
_xBIBLIOTECA
_zUNKNOWN
_0DONACION
_o.STAFF. Colección General
999 _a621.55 T17
_wDEWEY
_c2
_iFT02085
_f2019-2-20
_g1
_lCCODEBUT1
_mBUT
_p15.00
_r0
_sY
_tBOOK
_u2016-2-23
_xBIBLIOTECA
_zUNKNOWN
_0DONACION
_o.STAFF. Colección General
980 _81
_gALBERTO SANCHEZ Responsable de Automatización